000 00235nam a2200097Ia 4500
001 1212255
005 20250827024451.0
008 250824s9999 xx 000 0 und d
245 0 _aSARHOŞLAR
_cORHAN KEMAL
260 _bEVEREST YAYINLARI
999 _c1212255
_d1212255